[Event "La Zubia Villa 1st"]
[Site "La Zubia"]
[Date "2011.12.06"]
[Round "4.1"]
[White "Jimenez Melguizo, Miguel"]
[Black "Soto Febrer, Francisco Jose"]
[Result "1-0"]
[WhiteElo "1950"]
[BlackElo "1706"]
[PlyCount "49"]
[EventDate "2011.12.03"]
[EventType "swiss"]
[EventRounds "6"]
[EventCountry "ESP"]
[SourceTitle "EXT 2024"]
[Source "ChessBase"]
[SourceDate "2023.10.10"]
[SourceVersion "1"]
[SourceVersionDate "2023.10.10"]
[SourceQuality "1"]

1. d4 Nf6 2. Nf3 g6 3. Bf4 Bg7 4. e3 d6 5. h3 0-0 6. Be2 Nbd7 7. Nbd2 c5 8. c3 cxd4 9. cxd4 Qb6 10. 0-0 Nd5 11. Bh2 Nb8 12. Nc4 Qd8 13. Qb3 h6 14. Nxd6 Nxe3 15. Nxf7 Qd5 16. fxe3 Qxb3 17. axb3 Rxf7 18. Bc4 e6 19. d5 Bxb2 20. Ra2 Bc3 21. dxe6 Re7 22. Bd6 Re8 23. e7+ Kg7 24. Nd4 Nc6 25. Rf7+ 1-0

[Event "La Zubia Villa 1st"]
[Site "La Zubia"]
[Date "2011.12.03"]
[Round "1.1"]
[White "Cabrera Espinosa, Jose Antonio"]
[Black "Jimenez Melguizo, Miguel"]
[Result "0-1"]
[WhiteElo "1339"]
[BlackElo "1950"]
[PlyCount "64"]
[EventDate "2011.12.03"]
[EventType "swiss"]
[EventRounds "6"]
[EventCountry "ESP"]
[SourceTitle "EXT 2024"]
[Source "ChessBase"]
[SourceDate "2023.10.10"]
[SourceVersion "1"]
[SourceVersionDate "2023.10.10"]
[SourceQuality "1"]

1. e4 e6 2. Nc3 d5 3. d3 Bb4 4. a3 Bxc3+ 5. bxc3 dxe4 6. Be3 Nf6 7. Bg5 Qd5 8. Bxf6 gxf6 9. c4 Qa5+ 10. Qd2 Qxd2+ 11. Kxd2 exd3 12. Bxd3 Nd7 13. Nf3 Nc5 14. Nd4 c6 15. Rhb1 Kd8 16. Ke2 e5 17. Nb3 Ne6 18. Na5 Kc7 19. Be4 f5 20. Bf3 e4 21. Bh5 Nf4+ 22. Kf1 Nxh5 23. c5 Nf6 24. Rb2 Rb8 25. Rab1 Nd7 26. Nb3 Re8 27. c4 Re5 28. Rd1 Nxc5 29. Nxc5 Rxc5 30. Rbd2 Be6 31. Rd4 Bxc4+ 32. Kg1 Bd5 0-1

[Event "Andalucia-ch U18"]
[Site "Motril"]
[Date "2008.03.15"]
[Round "3.9"]
[White "Jimenez Melguizo, Miguel"]
[Black "Moral Garcia, Serafin"]
[Result "0-1"]
[WhiteElo "1843"]
[BlackElo "1987"]
[PlyCount "44"]
[EventDate "2008.03.14"]
[EventType "swiss"]
[EventRounds "8"]
[EventCountry "ESP"]
[SourceTitle "EXT 2024"]
[Source "ChessBase"]
[SourceDate "2023.10.10"]
[SourceVersion "1"]
[SourceVersionDate "2023.10.10"]
[SourceQuality "1"]

1. c4 e6 2. Nf3 d5 3. g3 dxc4 4. Bg2 Nf6 5. 0-0 Be7 6. Qc2 c6 7. Ne5 Qc7 8. Nxc4 b5 9. Ne5 Bb7 10. d4 0-0 11. e4 Nbd7 12. Nc3 Nxe5 13. Bf4 Bd6 14. Nxb5 cxb5 15. Qxc7 Bxc7 16. dxe5 Nd7 17. Rfd1 Nc5 18. f3 Rad8 19. Rac1 Rxd1+ 20. Rxd1 Rd8 21. Rc1 Bb6 22. Be3 Rc8 0-1